Statystyki dla Geografia kl.7 rozdział 3

Kliknij tutaj aby rozwiązać quiz!

Ogólne statystyki

  • Ten quiz został rozwiązany 14 razy
  • Średni wynik to 8 z 15

Statystyki odpowiedzi

ZagadnienieOdpowiedź% Poprawnych
Jakie owoce są w Polsce najpopularniejszeJabłaka
100%
Które z tych źródeł energii jest odnawialne?Biomasa
85%
Jaka energia nie może być w Polsce wydobywana?Gaz ziemny
85%
Co jest w polsce najpopularniejszym źródłem energii?Węgiel
77%
Jakich zbórz uprawiamy najwięcej?Pszenica
69%
W którym roku nastąpiła przemiana Polskiego przemysłu1989
62%
W budowie jakich statków słynie PolskaJachty 5-9 metrów
62%
W którym mieście nie ma portuKołobrzeg
62%
Przykładem pozaprzyrodniczego warunku rozwoju rolnictwa nie jest?Ukształtowanie powierzchni
54%
Jakich zwierząt mamy największą tradycję w hodowliBydło
46%
Czego pogłowia mamy w Polsce najwięcej?Drób
38%
Jaki dział przemysło rozwinął się najbardziej po 1980rGórnictwo
31%
Jakie ryby są najczęściej ponawiane w basenie morza bałtyckiego?Szproty
31%
Ile % powierzchni Polski to użytki rolne?47%
23%
Jakie zwierzęta są najprostsze w chodowli i dlaczego?Trzoda chlewna
15%

Rozkład punktacji

Percentyl według liczby udzielonych odpowiedzi

Procent ludzi z każdym wynikiem

Twoja historia wyników

Nie rozwiązałeś tego quizu